000
00287nam a2200121Ia 4500
005
20260328101440.0
008
260328s9999||||xx |||||||||||||| ||und||
100
_a
Lin, Maya
245
0
_a
Maya Lin :
_b
Boundaries /
_c
Maya Lin
260
_b
Simon & Schuster
650
_a
ARTE
942
_c
BK
999
_c
8245
_d
8245